Welcome!: guía del profesor, inglés 5º básico
সংরক্ষণ করুন:
| প্রধান লেখক: | |
|---|---|
| অন্যান্য লেখক: | |
| বিন্যাস: | গ্রন্থ |
| ভাষা: | স্প্যানিশ ইংরেজি |
| প্রকাশিত: |
Santiago
Ministerio de Educación
1999
|
| মালা: | Programa de Mejoramiento de la Calidad de las Escuelas Básicas de Sectores Pobres
|
| বিষয়গুলি: | |
| ট্যাগগুলো: |
ট্যাগ যুক্ত করুন
কোনো ট্যাগ নেই, প্রথমজন হিসাবে ট্যাগ করুন!
|
MARC
| LEADER | 00000nam a2200000 a 4500 | ||
|---|---|---|---|
| 001 | UCN0794 | ||
| 003 | CL-VaPUC | ||
| 008 | 010330e19990000CL |||||||||||||||||spa|d | ||
| 041 | 0 | 7 | |a spa |2 CL-VaPUC |
| 041 | 0 | 7 | |a eng |2 CL-VaPUC |
| 082 | 0 | 4 | |a 372.6521 |b PAE |2 21 |
| 100 | |a Páez Ubilla, Alicia |e autora |9 611837 | ||
| 700 | |a Pardo Lagos, Andrea |e autora |9 623466 | ||
| 245 | 1 | 0 | |a Welcome!: guía del profesor, inglés 5º básico |
| 300 | |a 120 p | ||
| 942 | |c BK | ||
| 945 | |d 20010330 00:00:00 |a vberengu | ||
| 260 | |a Santiago |b Ministerio de Educación |c 1999 | ||
| 500 | |a Material complementario del libro: Welcome!: unit 4, food and health | ||
| 500 | |a Unit 2: Out classroom, our school | ||
| 500 | |a Unit 3: At home | ||
| 500 | |a Unit 4: Food and health | ||
| 650 | 0 | |a Educación básica |9 224933 | |
| 650 | 0 | |a Enseñanza de idiomas |9 339820 | |
| 650 | 0 | |a Inglés |9 260023 | |
| 650 | 0 | |a Educación lingüística |9 306506 | |
| 583 | |a last modification |c 20191016 01:01:43 |k Rodrigo Vera | ||
| 490 | 0 | |a Programa de Mejoramiento de la Calidad de las Escuelas Básicas de Sectores Pobres | |
| 999 | |c 294419 |d 294417 | ||
| 952 | |0 0 |1 0 |4 0 |6 372_652100000000000_PAE_1999 |7 0 |8 P |9 346838 |a BIBEDU |b BIBEDU |c BIBEDU_PB |d 2019-11-20 |i 3580865 |o 372.6521 PAE 1999 |p 3580865 |r 2024-01-25 |w 2019-11-20 |y BK |k BME | ||